000 00369nam a22001457a 4500
999 _c258298
_d258297
003 OSt
005 20200609114310.0
008 200609b xxu||||| |||| 00| 0 eng d
020 _a1413015387
040 _cN/A
100 _aMark Connelly
245 _aSundance writer:
_ba rhetoric reader, handbook
260 _aBoston
_bThompson Wadsworth
_c2007
942 _2lcc
_cREF